书目信息 |
| 题名: |
施工与养路机械
|
|
| 作者: | 徐光华 主编 | |
| 分册: | ||
| 出版信息: | 北京 北京理工大学出版社有限责任公司 2021.06 |
|
| 页数: | 239页 | |
| 开本: | 26cm | |
| 丛书名: | ||
| 单 册: | ||
| 中图分类: | U215.6 , U216.6 | |
| 科图分类: | ||
| 主题词: | 铁路工程--tie lu gong cheng--筑路机械 , 铁路养护--tie lu yang hu--养路机械 | |
| 电子资源: | ||
| ISBN: | 978-7-5682-9980-0 | |
| 000 | 00929nam0 2200253 450 | |
| 001 | 011025152847 | |
| 005 | 20221025152847.0 | |
| 010 | @a978-7-5682-9980-0@dCNY68.00 | |
| 100 | @a20201004d2021 em y0chiy0120 ea | |
| 101 | 0 | @achi |
| 102 | @aCN@b110000 | |
| 105 | @aa z 000yy | |
| 106 | @ar | |
| 200 | 1 | @a施工与养路机械@Ashi gong yu yang lu ji xie@f徐光华主编 |
| 205 | @a第2版 | |
| 210 | @a北京@c北京理工大学出版社有限责任公司@d2021.06 | |
| 215 | @a239页@c图@d26cm | |
| 330 | @a本书介绍了机械基础知识、铁路施工机械及铁路线路养护机械,主要包括小型养路机械的结构、工作原理及使用,大型养路机械的综合运用,铁路施工机械的综合运用;还介绍了机械传动、常用机构、液压基础及内燃机等相关内容。 | |
| 606 | 0 | @a铁路工程@Atie lu gong cheng@x筑路机械 |
| 606 | 0 | @a铁路养护@Atie lu yang hu@x养路机械 |
| 690 | @aU215.6@v5 | |
| 690 | @aU216.6@v5 | |
| 701 | 0 | @a徐光华@Axu guang hua@4主编 |
| 905 | @a河南城建学院图书馆@dU215.6@eX712 | |
| 施工与养路机械/徐光华主编.-第2版.-北京:北京理工大学出版社有限责任公司,2021.06 |
| 239页:图;26cm |
| ISBN 978-7-5682-9980-0:CNY68.00 |
| 本书介绍了机械基础知识、铁路施工机械及铁路线路养护机械,主要包括小型养路机械的结构、工作原理及使用,大型养路机械的综合运用,铁路施工机械的综合运用;还介绍了机械传动、常用机构、液压基础及内燃机等相关内容。 |
| ● |
| 相关链接 |
|
|
|
正题名:施工与养路机械
索取号:U215.6/X712
 
预约/预借
| 序号 | 登录号 | 条形码 | 馆藏地/架位号 | 状态 | 备注 |
| 1 | 1586139 | 215861397 | 自科库501/501自科库 49排5列1层/ [索取号:U215.6/X712] | 在馆 | |
| 2 | 1586140 | 215861404 | 自科库501/501自科库 49排5列1层/ [索取号:U215.6/X712] | 在馆 |